| 000 | 00290 a2200121 4500 | ||
|---|---|---|---|
| 999 |
_c327499 _d327499 |
||
| 001 | 92426 | ||
| 003 | NUST | ||
| 005 | 20180120145946.0 | ||
| 008 | 180120b xxu||||| |||| 00| 0 eng d | ||
| 082 | _a891.4393 NIM | ||
| 100 |
_aNimra Ahmad _99255 |
||
| 245 | _aJannat ke Pattay Part-I | ||
| 260 |
_aLahore _bIlm o Irfan Publishers _c2014 |
||
| 300 | _a288p. | ||
| 942 |
_aCAE NUST _cBK _k891.4393 NIM _2ddc |
||